One random geographic term per letter. - Statistics

General Stats
  • This quiz has been taken 27 times
  • The average score is 19 of 26
Answer Stats
Letter: Hint: Answer % Correct
A Moutain range in South America. Andes
96%
F Country with the Eiffel tower. France
96%
J Country in east Asia. Japan
96%
N Largest city in the United States. New York City
96%
R Largest country in the world. Russia
96%
I Country with the highest population in the world. India
92%
P Largest ocean in the world. Pacific Ocean
92%
W This state has the lowest population in the United States. Wyoming
92%
C Capital of Venezuela. Caracas
88%
Q Capital city of Ecuador. Quito
88%
Z The last country in alphabetical order. Zimbabwe
88%
D Country that shares an island with haiti. Dominican Republic
83%
O Second largest city in Japan. Osaka
83%
V This county's name is similar to that of Tuvalu. Vanuatu
83%
U The first ever football world cup was held in this country. Uruguay
79%
E Capital of Alberta. Edmonton
75%
H FORMER capital of Vietnam. Ho Chi Minh
75%
M River in south-east Asia. Mekong
67%
S Island country in the Indian Ocean. Seychelles
67%
G largest city in the world. Guangzhou
58%
L Second largest city in Pakistan. Lahore
58%
K Largest city in Pakistan. Karachi
54%
B Country whose capital, largest city and name all start with this letter. Belize
42%
Y Largest city in Myanmar. Yangon
38%
T Tallest mountain in Spain. Teide
33%
X The largest city that starts with this letter. Xiamen
21%
No matching quizzes found
Score Distribution
Percent of People with Each Score
Percentile by Number Answered
Your Score History
You have not taken this quiz